| 000 | 00855cab a2200253 4500 | ||
|---|---|---|---|
| 001 | ABS58131 | ||
| 008 | 090401t1998 xxu||||| |||| 00| 0 eng d | ||
| 035 | _a(Sirsi) u83457 | ||
| 041 | _aeng | ||
| 100 | _aBreakwell, K. | ||
| 245 | 2 | _aA structured approach to costing healthcare projects | |
| 260 | _c1998 | ||
| 350 | _a0 | ||
| 490 |
_aCSM _bChartered Surveyor Monthly _vJanuary 1998, 40-41(2) |
||
| 520 | _aLooks at the new cost documentation issued by NHS Estates and at the elements to be considered when producing a capital cost estimate for a business case within the NHS. Examples. | ||
| 650 | _aCAPITAL COST ESTIMATE | ||
| 650 | _aCONSTRUCTION COST CONTROL | ||
| 650 | _aDOCUMENTATION | ||
| 650 | _aHEALTHCARE PROJECTS | ||
| 650 | _aNHS ESTATES | ||
| 690 | _aBUILT ENVIRONMENT-BUILDING COSTS | ||
| 942 | _n0 | ||
| 948 | _c30/01/1998 | ||
| 999 |
_c52711 _d52711 |
||